Band Aid Solo Musicians (1985) - Statistics

Estatísticas Gerais
  • Esse quiz foi jogado 54 vezes
  • A pontuação média é 5 de 6
Estatísticas das Respostas
Tip Artist % Correto
Lead vocalist of U2 Bono
100%
Lead vocalist of The Police Sting
98%
"Careless Whisper" George Michael
91%
Lead vocalist of Culture Club Boy George
88%
Lead vocalist of Duran Duran Simon LeBon
65%
"Everytime You Go Away" Paul Young
60%
Nenhum quiz correspondente encontrado
Distribuição das Pontuações
Porcentagem de Pessoas com Cada Pontuação
Percentil de Números Respondidos
Sua Pontuação Histórica
Você não jogou esse quiz